000
00326nam a2200133Ia 4500
005
20251222144852.0
008
251222s9999||||xx |||||||||||||| ||spa||
020
_a
84-368-0216-0
082
_a
338.064/M81
100
_a
Moreno Zayas, José
245
0
_a
Tecnología e Industrialización
264
_b
Pirámide
942
_c
LIB
999
_c
21643
_d
21643